000 00370nam a2200145 i 4500
001 35003
003 ES-MaACL
007 t|
008 030211s1901 xxk ||||1| eng d
100 1 _aBoon, F. C.
_930323
245 1 0 _aA commercial geography of foreign nations /
_cF. C. Boon.
260 _aLondon :
_bMethuen,
_c1901.
300 _a172 p.
852 _aES-MaACL
_jG-291
999 _c35003
_d35003